Fifa Soccer 14 Top 10 Fastest Players - Statistics

General Stats
  • This quiz has been taken 612 times
  • The average score is 3 of 10
Answer Stats
Country/Pace Player % Correct
England/96 Theo Walcott
83%
Gabon/95 Pierre-Emerick Aubameyang
64%
France/96 Jonathan Biabiany
46%
Ivory Coast/97 Mathis Bolly
44%
Netherlands/93 Luciano Narsingh
16%
Mexico/95 Guillermo Rojas
14%
Japan/94 Ryo Miyaichi
14%
Cameroon/94 Dominic Oduro
8%
DRCongo/94 Cedrick
6%
Jamaica/94 Luton Shelton
6%
No matching quizzes found
Score Distribution
Percent of People with Each Score
Percentile by Number Answered
Your Score History
You have not taken this quiz